000
00268nam a22001217a 4500
003
SGT
082
_a
302.23
_b
T65M
100
_a
MASCELLI, JOSEPH V.
245
_a
THE FIVE CS OF CINEMATOGRAPHY
260
_a
CA
_b
SILMAN JAMES
_c
1965
300
_a
251
942
_2
ddc
_c
BK
999
_c
17059
_d
17059